Teología moral para seglares
Guardat en:
| Autor principal: | |
|---|---|
| Format: | Llibre |
| Idioma: | espanyol |
| Publicat: |
Madrid
Biblioteca de Autores Cristianos
1958
|
| Edició: | 4a. ed |
| Col·lecció: | Biblioteca de Autores Cristianos, 173
|
| Matèries: | |
| Etiquetes: |
Afegir etiqueta
Sense etiquetes, Sigues el primer a etiquetar aquest registre!
|
MARC
| LEADER | 00000nam a2200000 a 4500 | ||
|---|---|---|---|
| 001 | UCL2240 | ||
| 003 | CL-VaPUC | ||
| 008 | 031017e19580000SP |||||||||||||||||spa|d | ||
| 020 | |a 8422002280 | ||
| 082 | 0 | 4 | |a 241 |b ROY |2 21 |
| 100 | 0 | |a Royo Marín, Antonio |e author |9 479291 | |
| 245 | 1 | 0 | |a Teología moral para seglares |
| 250 | |a 4a. ed | ||
| 300 | |a v | ||
| 942 | |c BK | ||
| 945 | |d 20031017 00:00:00 |a vberengu | ||
| 260 | |a Madrid |b Biblioteca de Autores Cristianos |c 1958 | ||
| 500 | |a v.2: Los Sacramentos | ||
| 650 | 0 | |a Teología moral |9 256617 | |
| 650 | 0 | |a Moral |9 265913 | |
| 650 | 0 | |a Sacramentos |9 257270 | |
| 583 | |a last modification |c 20031017 00:00:00 |k Rodrigo Vera | ||
| 490 | 0 | |a Biblioteca de Autores Cristianos, 173 | |
| 999 | |c 305591 |d 305589 | ||
| 952 | |0 0 |1 0 |4 0 |6 241_000000000000000_ROY_1958 |7 0 |8 A |9 369709 |a BIBTEO |b BIBTEO |d 2019-11-21 |h v.2 |i 2080931 |o 241 ROY 1958 |p 2080931 |r 2025-01-17 |w 2019-11-21 |y BK |k ICR | ||